000 00986nam a2200325 a 4500
008
020 _a9781526456885 (paperback)
040 _aNUST
_cNUST
049 _aMAIN
090 _aH62
_bOLE
100 1 _aO'Leary, Zina.,
_aauthor.
245 1 0 _aLittle quick fix :
_bresearch question/
_c Zina O'leary.
260 _aLos Angeles :
_bSAGE,
_c2018.
300 _a104 pages :
_billustrations (chiefly colour) ;
_c18 cm.
336 _atext
_btxt
_2rdacontent
337 _aunmediated
_bn
_2rdamedia
338 _avolume
_bnc
_2rdacarrier
650 1 _aResearch
_xMethodology.
650 _aResearch.
650 _aStudy skills
_xResearch.
650 _aSocial sciences
_xResearch
_vMethodology.
650 _aQuestioning.
650 _aAcademic writing.
650 _aHypothesis.
650 _aDissertations, Academic.
907 _a.b10405501
_b17-06-21
_c17-06-21
003
005 20230123141205.0
942 _cBOOKS
_kH62
_mOLE
999 _c169231
_d169231